00281nam a2200097Ia 4500008004100000100002900041245002100070245003000091260000900121856005300130160531s9999 xx 000 0 und d aMesquita, Amir Zacarias. aNuclear Reactors cby Amir Zacarias Mesquita c2012 uhttp://www.intechopen.com/books/nuclear-reactors